Managerial communication : a strategic approach

Bibliographic Details
Main Authors: Smeltzer, Larry (Author), Waltman, John L. (Author)
Format: Book
Language:English
Published: New York : Wiley 1984
Subjects:

MARC

LEADER 00000cam a2200000 7i4500
001 0000001462
005 20240924.0
008 991126 nyu a eng
020 |a 0471897396 
040 |a INS   |b eng   |e rda 
090 0 0 |a HD30.3   |b .S57 1984 
100 1 |a Smeltzer, Larry ,   |e author 
245 1 0 |a Managerial communication :   |b a strategic approach   |c Larry R. Smeltzer, John L. Waltman 
264 1 |a New York :   |b Wiley   |c 1984 
300 |a xvi, 556 pages :   |b illustrations ;   |c 25 cm. 
336 |a text  |2 rdacontent 
337 |a unmediated  |2 rdamedia 
338 |a volume  |2 rdacarrier 
500 |a Includes index 
650 0 |a Communication in management 
700 1 |a Waltman, John L. ,   |e author 
999 |a 0000000386   |b BOOK   |c Open Shelf   |e Default branch